[Event "Blechzin Memorial 2021"]
[Site "St. Petersburg"]
[Date "2021.04.14"]
[Round "1.1"]
[White "Romanov, Evgeny"]
[Black "Khairullin, Ildar"]
[Result "0-1"]
[WhiteElo "2599"]
[BlackElo "2615"]
[Annotator "TA"]
[PlyCount "82"]
[EventDate "2021.04.14"]
[EventType "tourn"]
[EventCountry "RUS"]
[SourceTitle "playchess.com"]
[Source "ChessBase"]
[SourceQuality "1"]

{[%evp 13,82,-18,19,7,0,0,14,0,0,0,0,0,0,0,112,106,113,59,47,56,93,94,303,198,189,169,165,46,430,296,284,295,229,212,208,0,0,0,0,-14,-14,-10,-10,-13,-8,-56,-58,-81,-41,-141,-77,-87,-88,-85,-78,-240,-197,-176,-200,-180,-160,-244,-220,-217,-217,-365,-327,-674,-658,-542,-542]} 1. e4 c5 2. Nc3 Nc6 3. f4 g6 4. Nf3 Bg7 5. Bb5 Nd4 6. O-O Nxb5 7. Nxb5 Nf6 8. Qe1 {B23: Closed Sicilian: Lines without g3.} O-O 9. d3 d5 10. Nc3 {The position is equal.} dxe4 11. dxe4 b6 12. Qh4 Bb7 13. f5 {[#]} h5 $146 (13... gxf5 $11 {remains equal.} 14. exf5 Bxf3 15. Rxf3 Qd4+ 16. Qxd4 cxd4) ({Predecessor:} 13... gxf5 14. Bh6 fxe4 15. Rad1 Qc8 16. Ne5 Bxh6 17. Qxh6 Qe6 18. Qg5+ Kh8 19. Rf5 Rg8 20. Qh6 Rxg2+ 21. Kxg2 Qxf5 22. Nxf7+ Kg8 23. Ng5 e3+ {0-1 (23) Bogdanov,D (2215)-Nilssen,J (2320) Skovlunde 1999}) 14. Bg5 $1 $16 Qc7 15. e5 ({Better is} 15. Rae1 $16) 15... Ng4 $1 $14 16. Bxe7 Rfe8 17. f6 Bf8 $2 (17... Nxe5 $16 18. Nxe5 Qxe5) 18. e6 Bxe7 19. exf7+ Kxf7 20. fxe7 (20. Nb5 $1 $18 Qd7 21. Qxg4 $1 {[%mdl 64] Remove Defender} (21. fxe7 Kg7 $18) 21... hxg4 22. Ne5+ {[%mdl 64] Double Attack} Ke6 23. Nxd7) 20... Kg7 $2 {[%mdl 8192]} (20... Qxe7 $14 21. Ne5+ {[%mdl 64] Double Attack, Discovered Attack (Double check)} Kg8 22. Nxg6 Qg7) 21. h3 Ne3 22. Ng5 Rxe7 {[#]} 23. Rf7+ {[%mdl 512]} Kg8 24. Rxe7 (24. Rf6 $18 Rg7 25. Qf2) 24... Qxe7 $11 25. Re1 Qe5 $40 {[%mdl 128] Black has some attack.} ({Wrong is} 25... Bxg2 $2 26. Nd1 $18) 26. Nd1 (26. Nce4 {looks sharper.} Nf5 27. Qf2 Bxe4 28. Rxe4 Qxb2 29. Qd2) 26... Nxg2 {[%mdl 64] Double Attack, Discovered Attack} 27. Qc4+ Qd5 28. Qxd5+ Bxd5 29. Re5 (29. Re7 $5 {[%cal Rc2c4]}) 29... Nf4 30. Ne3 Rd8 31. Kf2 (31. Re7 $15) 31... Bc6 (31... Rf8 $142 {And now ...Nd3+ would win.} 32. Ke1 Bxa2) 32. Kg3 $17 Ne2+ 33. Kf2 {[#]} Nd4 34. Ne6 $2 (34. h4 $17) 34... Rd6 35. Nxd4 cxd4 $19 {[%mdl 4096] Endgame KRB-KRN} ({Don't play} 35... Rxd4 36. Re6 $17) 36. Nc4 Rd5 37. Rxd5 (37. Re6 $17 {was called for.} Rf5+ 38. Ke2) 37... Bxd5 38. Nd6 Bxa2 39. Nc8 (39. Nb5 $142) 39... Be6 40. Ne7+ (40. Nxa7 Bxh3 41. Nb5) 40... Kf7 41. Nc6 Bxh3 {What a bad dream for White.  Weighted Error Value: White=0.49/Black=0.37} 0-1

[Event "Blechzin Memorial 2021"]
[Site "St. Petersburg"]
[Date "2021.04.14"]
[Round "1.2"]
[White "Shimanov, Aleksandr"]
[Black "Khalifman, Alexander"]
[Result "1/2-1/2"]
[WhiteElo "2597"]
[BlackElo "2608"]
[Annotator "TA"]
[PlyCount "65"]
[EventDate "2021.04.14"]
[EventType "tourn"]
[EventCountry "RUS"]
[SourceTitle "playchess.com"]
[Source "ChessBase"]
[SourceQuality "1"]

{[%evp 14,65,6,5,8,14,27,25,27,20,34,5,5,5,18,11,6,20,16,0,59,0,0,-127,-130,-131,-21,-18,0,-69,-62,-74,-50,-47,-44,-29,93,-18,-27,-15,-18,-68,-25,-28,-33,-43,-45,-54,-20,-37,-8,-32,-27,-30]} 1. e4 e5 2. Bc4 Nf6 3. d3 Nc6 4. Nf3 Bc5 5. c3 d6 6. h3 h6 7. Nbd2 O-O {7...a6 is the hot move.} 8. O-O a5 {C54: Giuoco Piano: 4 c3 Nf6, main lines with 5 d4 and 5 d3.} 9. Re1 Ba7 10. Nf1 Be6 {White has an edge.} 11. Bb5 Ne7 {[%cal Bc6e7,Be7g6,Bg6h4][%mdl 32]} 12. d4 exd4 13. Nxd4 {[#]} c6 $146 ({Predecessor:} 13... Bd7 14. Bxd7 Qxd7 15. Ng3 Rfe8 16. Qf3 Bxd4 17. cxd4 d5 18. e5 Nh7 19. Be3 Ra6 {1-0 (46) Fedorov,A (2562)-Loetscher,R (2414) Riga 2014}) 14. Bd3 Ng6 15. Ng3 Re8 16. Bc2 d5 (16... Bd7 $11) 17. exd5 (17. f4 $1 $14) 17... Bxd5 $11 18. Be3 (18. Ndf5 $11 {keeps the balance.}) 18... Nh4 $1 $17 {[%cal Rh4g2]} 19. f3 {[#]} Qd6 ({Black should try} 19... Bxf3 $1 $17 {[%mdl 512]} 20. gxf3 (20. Nxf3 Rxe3) 20... Bxd4 21. cxd4 Qd7) 20. Nf1 $11 Nh5 21. Qd3 (21. Qd2 $1 $11) 21... g6 $15 22. Qd2 $1 {[#]} Bxf3 $1 23. Qf2 {[%cal Rf2h4]} Bxd4 24. cxd4 {[#]} Be4 (24... Qf6 $1 $11 25. gxf3 Nxf3+ {[%mdl 64] Double Attack} 26. Kg2 Nf4+ 27. Kg3 Nh5+ 28. Kg2 Nf4+ 29. Kg3 Nxe1 30. Rxe1 g5) 25. Qxh4 (25. Bxe4 $16 Rxe4 26. Nd2 Rxe3 27. Rxe3) 25... Bxc2 $11 26. Bxh6 Bd3 27. Nd2 Qg3 (27... Ng3 {seems wilder.} 28. Be3 a4 29. Nf3 Re4 30. Qg5 Nf5) 28. Qxg3 Nxg3 29. Be3 Re6 30. Bf2 {Hoping for Rxe6.} Ne4 31. Nxe4 Rxe4 32. Rxe4 Bxe4 33. Re1 {Weighted Error Value: White=0.27/Black=0.25} 1/2-1/2

[Event "Blechzin Memorial 2021"]
[Site "St. Petersburg"]
[Date "2021.04.14"]
[Round "1.3"]
[White "Matlakov, Maxim"]
[Black "Gorovykh, Eduard"]
[Result "0-1"]
[WhiteElo "2688"]
[BlackElo "2488"]
[Annotator "TA"]
[PlyCount "100"]
[EventDate "2021.04.14"]
[EventType "tourn"]
[EventCountry "RUS"]
[SourceTitle "playchess.com"]
[Source "ChessBase"]
[SourceQuality "1"]

{[%evp 10,100,26,0,0,0,0,0,20,11,42,-20,-15,-37,-31,-32,-20,-32,11,-10,0,0,0,0,0,0,0,-8,-8,-12,-6,-10,-11,-14,0,-6,16,0,15,0,0,0,0,0,0,0,0,0,0,-113,-131,-121,-122,-121,-127,-149,-145,-322,-276,-440,-429,-2458,-1659,-29985,-447,-777,-772,-761,-742,-782,-764,-754,-716,-1196,-895,-888,-884,-859,-815,-902,-863,-975,-940,-996,-822,-5584,-5222,-29983,-707,-29984,-29985,-29997,-29998]} 1. e4 e6 2. d4 d5 3. e5 c5 4. c3 Qb6 5. Nf3 Bd7 6. Bd3 cxd4 {C02: French: Advance Variation.} 7. Nxd4 Bc5 8. Qg4 Ne7 {The position is equal.} 9. O-O Ng6 (9... O-O {keeps more tension.} 10. Nf3 f5 11. exf6 Rxf6 12. Qh3 Ng6) 10. Nf3 ({White should play} 10. a4 $14) 10... Bb5 $11 11. Bxb5+ Qxb5 12. Nbd2 Nd7 {[#]} 13. Nb3 $146 ({Predecessor:} 13. c4 Qc6 14. b3 Ndxe5 15. Nxe5 Nxe5 16. Qxg7 Ng6 17. Nf3 Bf8 18. Qd4 dxc4 19. Bg5 c3 20. Rad1 Be7 21. Qg7 Bf8 22. Qd4 Be7 23. Qg7 Bf8 {½-½ (23) Khairullin,I (2544)-Volkov,S (2623) Moscow 2008}) 13... Be7 14. Re1 h5 15. Qg3 Nc5 16. Nxc5 Bxc5 17. Ng5 {Nxe6! is the strong threat.} Ne7 18. Qf3 Nf5 19. b3 Be7 20. Bd2 Rc8 21. h3 Qc6 22. Rac1 h4 23. Qg4 Qa6 24. a4 Qd3 25. Red1 O-O 26. Qh5 {[%csl Gg5][%cal Rh5h7]} Bxg5 27. Bxg5 Qe4 28. Re1 Qd3 29. Bxh4 (29. Red1 $11 {keeps the balance.} Qe4 30. Re1) 29... Rxc3 $17 30. Bg5 Rfc8 31. Rcd1 Qc2 32. Qg4 b6 ({Don't take} 32... Qxb3 33. Rb1 $17) ({Not} 32... Rxb3 $2 33. Rc1 $18) 33. Bf6 $2 {This costs White the game.} (33. Rb1 $17 {keeps fighting.}) 33... Qxb3 34. Qg5 (34. Rb1 {was necessary.} Qa3 35. Ra1) 34... Kf8 $19 35. g4 (35. Qh5 $142 gxf6 36. exf6) 35... gxf6 36. exf6 {[#]} Nd6 (36... Rg3+ $142 $3 {[%mdl 512]} 37. fxg3 Qxg3+ {[%mdl 64] Double Attack} 38. Kf1 {[#]} Rc3 $1 39. Rd2 Qxh3+ 40. Rg2 Ng3+ 41. Kg1 Qh1+ 42. Kf2 Rc2+ 43. Kf3 Qxg2+ 44. Kf4 Qd2+ 45. Re3 Ne2+ 46. Kf3 Ng1+ 47. Kf4 Qh2+ 48. Rg3 Ne2+ {[%mdl 64] Double Attack, Pin} 49. Ke5 Qxg3+ 50. Qf4 Qxf4#) 37. Qg7+ (37. Rb1 $142 Qc2 38. Qh5) 37... Ke8 38. Rxe6+ Kd7 {( -> ...Rg3+!)} 39. Rde1 d4 40. Re7+ Kc6 41. h4 Qd5 {And now ...Rh3 would win.} 42. Qg5 Qxg5 43. hxg5 Rg8 44. f4 d3 45. Kf2 Rh8 {aiming for ...d2.} 46. Rd1 Kd5 47. f5 Ne4+ 48. Ke3 Rh3+ 49. Kf4 Nf2 50. g6 Rc4+ {[%mdl 64] Double Attack.  Weighted Error Value: White=0.79/Black=0.38} 0-1

[Event "Blechzin Memorial 2021"]
[Site "St. Petersburg"]
[Date "2021.04.14"]
[Round "1.4"]
[White "Goganov, Aleksey"]
[Black "Yevseev, Denis"]
[Result "1-0"]
[WhiteElo "2575"]
[BlackElo "2474"]
[Annotator "TA"]
[PlyCount "67"]
[EventDate "2021.04.14"]
[EventType "tourn"]
[EventCountry "RUS"]
[SourceTitle "playchess.com"]
[Source "ChessBase"]
[SourceQuality "1"]

{[%evp 10,67,15,20,20,12,23,16,29,30,42,31,39,27,43,52,67,56,51,43,90,95,92,90,102,98,100,59,57,54,72,60,67,66,66,62,64,64,68,53,50,17,18,25,22,22,29,24,70,29,111,111,206,168,521,518,518,510,510,492]} 1. e4 c6 2. d4 d5 3. e5 Bf5 4. Nd2 e6 5. Nb3 Nd7 6. Nf3 Ne7 {B12: Caro-Kann: Advance Variation.} 7. Be2 h6 {outshines the older 7...Nc8.} 8. O-O Bh7 {The position is equal.} 9. a4 Ng6 10. a5 a6 11. Be3 Be7 12. c4 {[#]} dxc4 $146 ({Predecessor:} 12... O-O 13. Nfd2 Nh4 14. f4 f6 15. cxd5 cxd5 16. Nf3 Nf5 17. Bf2 fxe5 18. dxe5 g5 {1-0 (44) Kantans,T (2531)-Krupenski,J (2413) Viljandi 2017}) 13. Nbd2 {[%cal Bb3d2,Bd2c4,Bc4d6][%mdl 32]} O-O 14. Nxc4 Nh4 15. Nxh4 Bxh4 16. Qb3 Rb8 17. Bd2 Be7 18. Bb4 Be4 19. Nd6 Bd5 20. Bc4 (20. Qg3 {is interesting.} b6 21. Rfd1 Bh4 22. Qe3 Qg5 23. Qxg5 Bxg5 24. axb6 Nxb6 25. Rxa6 Nc8 26. Ba3) 20... Bxc4 21. Qxc4 Nf6 {[#]} 22. Nxb7 $1 Rxb7 23. Bxe7 Qxe7 24. exf6 Qxf6 25. b4 Rb5 26. Qxc6 Qxd4 27. Qxa6 Rxb4 28. Rfd1 Qf6 29. Qa7 Rc8 (29... Rd8 $11 {keeps the balance.}) 30. a6 $16 Rc2 (30... Rbb8 $16 {keeps fighting.}) 31. Qe3 {a7 is the strong threat.} Rb3 $2 {[#]} (31... Rc8 {is a better chance.} 32. Qe1 Qe7) 32. a7 $1 $18 {White is clearly winning.} Rxe3 33. a8=Q+ Kh7 34. fxe3 {Weighted Error Value: White=0.07/Black=0.33} 1-0

[Event "Blechzin Memorial 2021"]
[Site "St. Petersburg"]
[Date "2021.04.14"]
[Round "1.5"]
[White "Lintchevski, Daniil"]
[Black "Levin, Evgeny A."]
[Result "1-0"]
[WhiteElo "2555"]
[BlackElo "2502"]
[Annotator "TA"]
[PlyCount "95"]
[EventDate "2021.04.14"]
[EventType "tourn"]
[EventCountry "RUS"]
[SourceTitle "playchess.com"]
[Source "ChessBase"]
[SourceQuality "1"]

{[%evp 18,95,30,22,39,41,38,44,35,16,10,-58,27,37,50,57,124,121,121,133,131,130,124,118,116,133,124,87,125,61,60,56,57,56,58,53,50,53,50,53,52,51,64,36,72,75,70,37,77,77,80,78,91,89,122,113,114,104,177,175,173,123,135,123,332,237,229,229,592,592,592,585,585,578,968,970,901,812,783,585]} 1. e4 e5 2. Nf3 Nc6 3. d4 exd4 4. Nxd4 Bc5 5. Nxc6 Qf6 6. Qd2 dxc6 7. Nc3 Be6 8. Na4 Rd8 9. Bd3 Bd4 10. O-O Nh6 {C45: Scotch Game.} 11. c3 Ng4 {aiming for ...Qh4.} 12. cxd4 Qxd4 {[%mdl 64] [#] Double Attack. White is slightly better.} 13. Qg5 $146 {And now Bc2 would win.} ({Predecessor:} 13. Qc2 Qxd3 14. Qxd3 Rxd3 15. Nc5 Rd4 16. Nxb7 Rxe4 17. f3 Rb4 18. Nc5 Ne5 19. b3 Rb5 20. Ba3 Nd7 21. Nxe6 fxe6 22. Rac1 c5 23. Rfe1 Kf7 24. Red1 {½-½ (24) Ochoa de Echaguen,F (2450)-Sharif,M (2425) Barcelona 1993}) 13... h6 $1 {[%cal Rh6g5]} 14. Qa5 (14. Qf4 $11 Qxa4 15. Be2) 14... Qxd3 (14... b6 $1 $15 15. Qc3 (15. Qxa7 Qd6 $17) 15... Qxc3 16. Nxc3 Rxd3) 15. Bf4 $11 Qxe4 16. Bxc7 Rd5 (16... Rd7 $14) 17. Qxa7 $16 O-O 18. Nc3 Qd4 19. Qxb7 Rf5 {[%cal Rg4f2]} 20. Rad1 ({Not} 20. Qxc6 Rxf2 21. Rxf2 Qxf2+ 22. Kh1 Qxb2 $17) 20... Qc4 21. Qb6 c5 22. Bg3 Qb4 {[#]} 23. Qxb4 (23. Rd6 $1 $16) 23... cxb4 $14 24. Ne4 Bxa2 25. Rd4 {Black must now prevent Nd6.} Nf6 26. Nd6 Rd5 27. Rxb4 Nh5 28. Ne4 Nxg3 29. hxg3 Rd3 30. Re1 Rc8 31. Nc3 Be6 32. f3 Rd2 33. Re2 Rd6 34. g4 Ra8 35. Kf2 g5 36. Ne4 $36 {[%mdl 2048] White is in control.} Rc6 37. Rd4 Ra2 (37... Ra1 $16 {was worth a try.} 38. b4 Rb1 39. Rd8+ Kg7) 38. b4 $18 {[%cal Bb2b4,Bb4b5,Bb5b6][%mdl 32]} Ra1 39. Nc5 Kg7 40. Rb2 Ba2 $2 {This costs Black the game.} (40... Rc1 $16 41. Nxe6+ fxe6) 41. Nd7 Be6 42. b5 Rc7 {[#]} (42... Rcc1 43. b6 Rcb1) 43. b6 $1 {White is clearly winning.} Rb7 44. Nc5 Rb8 45. b7 Kf6 46. Rd6 {Threatens to win with Nd7+.} Ke7 47. Rdb6 Bd5 48. Na6 {Weighted Error Value: White=0.14/Black=0.33} 1-0

[Event "Blechzin Memorial 2021"]
[Site "St. Petersburg"]
[Date "2021.04.14"]
[Round "2.1"]
[White "Khairullin, Ildar"]
[Black "Levin, Evgeny A."]
[Result "1/2-1/2"]
[WhiteElo "2615"]
[BlackElo "2502"]
[Annotator "TA"]
[PlyCount "50"]
[EventDate "2021.04.14"]
[EventType "tourn"]
[EventCountry "RUS"]
[SourceTitle "playchess.com"]
[Source "ChessBase"]
[SourceQuality "1"]

{[%evp 18,21,13,0,3,0]} 1. d4 Nf6 2. c4 e6 3. Nf3 b6 4. g3 Ba6 5. Qa4 Bb7 6. Bg2 c5 7. dxc5 bxc5 8. O-O Be7 9. Nc3 {9.Rd1 might become the main line.} O-O 10. Qb3 Qb6 {E15: Queen's Indian: 4 g3 sidelines, 4 g3 Ba6 and 4 g3 Bb7 early deviations.} 11. Rd1 {[#] Not much happened in this game. Not enough moves} {Predecessor:} Rd8 $146 12. Bf4 d6 13. Rd2 Nc6 14. Rad1 Qxb3 15. axb3 e5 16. Bg5 Na5 17. Bxf6 gxf6 18. Nd5 Bxd5 19. Rxd5 Nxb3 20. Nh4 Rab8 21. e3 Na5 22. Nf5 Bf8 23. Nxd6 Bxd6 24. Rxd6 Rxd6 25. Rxd6 Nxc4 {½-½ (61) Goryachkina,A (2438)-Bodnaruk,A (2411) Khanty-Mansiysk 2014} 1/2-1/2

[Event "Blechzin Memorial 2021"]
[Site "St. Petersburg"]
[Date "2021.04.14"]
[Round "2.2"]
[White "Yevseev, Denis"]
[Black "Lintchevski, Daniil"]
[Result "1/2-1/2"]
[WhiteElo "2474"]
[BlackElo "2555"]
[Annotator "TA"]
[PlyCount "75"]
[EventDate "2021.04.14"]
[EventType "tourn"]
[EventCountry "RUS"]
[SourceTitle "playchess.com"]
[Source "ChessBase"]
[SourceQuality "1"]

{[%evp 20,75,9,0,0,0,0,0,0,0,0,-12,26,6,0,0,0,0,0,0,0,-60,-63,-69,-68,-76,-15,-27,-27,-21,0,0,0,0,0,0,0,0,0,0,0,0,0,0,12,0,0,0,0,0,0,0,0,0,0,0,0,0]} 1. d4 d5 2. c4 dxc4 3. Nf3 a6 4. e3 Nf6 5. Bxc4 e6 6. O-O c5 7. Bb3 Be7 8. Nc3 O-O 9. Qe2 cxd4 10. Rd1 Nc6 11. exd4 Na5 {D27: Queen's Gambit Accepted: Classical main line: 7 e4!? and 7 a4.} 12. Bc2 b5 13. Bg5 {Hoping for Bxf6.} Bb7 14. Bxf6 Bxf6 15. Be4 {[#]} Bd5 $146 ({Predecessor:} 15... Qb6 16. Rd3 Nc4 17. Bxb7 Qxb7 18. Ne4 Be7 19. b3 Nb6 20. Nc5 Qd5 21. Rc1 Qf5 {½-½ (48) Ikonnikov,V (2558)-Rabiega,R (2531) Germany 2010}) 16. Bxd5 exd5 17. Ne5 Qd6 18. Ng4 Rad8 19. Qf3 Bg5 20. h4 (20. Ne5 $11) 20... Bxh4 $15 21. Ne3 Bg5 22. Ncxd5 {[#]} Nc4 (22... f5 $1 $17 {[%cal Rf5f4] And now ...f4 would win.} 23. Nc3 Bxe3 24. fxe3 f4) 23. b3 Nxe3 24. Nxe3 g6 {The position is equal.} 25. Rac1 Qa3 26. Rc2 Rfe8 27. d5 Bxe3 28. fxe3 Qe7 29. Rd3 Qe5 30. Rc6 a5 31. d6 Re6 {[%cal Re6d6]} (31... Rd7 {is more complex.} 32. Qd5 Kg7 33. Rc5 Qxd5 34. Rcxd5 a4) 32. Qf4 (32. Rd5 {looks sharper.} Qa1+ 33. Qf1 Qb2 34. Qf2 Qa1+ 35. Kh2) 32... Kg7 33. Qxe5+ Rxe5 34. Kf2 Kf6 35. a3 Ke6 36. Ra6 b4 37. axb4 axb4 38. Rd4 {Weighted Error Value: White=0.06/Black=0.05} 1/2-1/2

[Event "Blechzin Memorial 2021"]
[Site "St. Petersburg"]
[Date "2021.04.14"]
[Round "2.3"]
[White "Gorovykh, Eduard"]
[Black "Goganov, Aleksey"]
[Result "0-1"]
[WhiteElo "2488"]
[BlackElo "2575"]
[Annotator "TA"]
[PlyCount "72"]
[EventDate "2021.04.14"]
[EventType "tourn"]
[EventCountry "RUS"]
[SourceTitle "playchess.com"]
[Source "ChessBase"]
[SourceQuality "1"]

{[%evp 12,72,10,10,13,9,42,-1,0,-20,0,0,0,0,4,0,0,0,0,0,0,0,0,-27,-16,-25,-29,-50,-48,-54,-50,-84,-68,-197,-199,-221,-180,-179,-167,-159,-164,-174,-180,-150,-168,-166,-104,-132,-97,-133,-80,-105,-30,-33,0,-300,-306,-318,-316,-431,-387,-399,-368]} 1. Nf3 d5 2. g3 g6 3. Bg2 Bg7 4. O-O e5 5. d3 Ne7 6. e4 dxe4 7. dxe4 Qxd1 {A07: Réti Opening: New York and Capablanca Systems.} 8. Rxd1 f6 $5 {[%mdl 4] [#] Leaves trodden paths.} 9. Nbd2 $146 ({Predecessor:} 9. Be3 Be6 10. Nbd2 Nd7 {½-½ (10) Vajda,L (2600)-Nisipeanu,L (2686) Zalakaros 2017}) 9... Be6 {The position is equal.} 10. Nf1 Na6 11. Be3 Kf7 12. c3 Rhd8 13. b3 b6 14. N1d2 Nc5 15. Bxc5 bxc5 16. Bf1 Nc8 17. Bc4 (17. Nc4 $5 {[%cal Rd1d8]} Nd6 18. Nfd2 $11) 17... Nd6 18. Bxe6+ Kxe6 19. a4 Rab8 20. h4 Bh6 21. Re1 Nb7 22. Nc4 ({White must play} 22. Ra2 $1 $15) 22... Rd3 $1 $19 {[%csl LRc3,LRf3][%cal Rd3f3]} 23. Nh2 Rxc3 24. Ng4 Bf8 25. Re3 Rxe3 26. Ngxe3 Nd6 27. Nxd6 cxd6 {[%mdl 4096] Endgame KRB-KRN} 28. Rb1 Be7 ({Black should play} 28... Rb4 $19 29. Nc4 f5) 29. f3 Bd8 30. Kf2 Ba5 ({Black should try} 30... f5 31. Nd5 h6) 31. Nd5 c4 (31... h5 $17) 32. b4 $11 c3 33. b5 $2 {[%mdl 8192] [#]} (33. Rb3 $1 $11) 33... Rc8 $1 $19 {Strongly threatening ...c2.} 34. Ke2 {[#]} Rc4 $1 35. Ra1 Rd4 36. Ra2 f5 {Weighted Error Value: White=0.33/Black=0.15} 0-1

[Event "Blechzin Memorial 2021"]
[Site "St. Petersburg"]
[Date "2021.04.14"]
[Round "2.4"]
[White "Khalifman, Alexander"]
[Black "Matlakov, Maxim"]
[Result "0-1"]
[WhiteElo "2608"]
[BlackElo "2688"]
[Annotator "TA"]
[PlyCount "46"]
[EventDate "2021.04.14"]
[EventType "tourn"]
[EventCountry "RUS"]
[SourceTitle "playchess.com"]
[Source "ChessBase"]
[SourceQuality "1"]

{[%evp 13,46,19,6,5,16,12,37,21,20,37,27,-6,-14,-11,-7,-29,-30,-58,-52,-62,-60,-54,-51,-44,-32,-72,-68,-341,-343,-387,-382,-1112,-1097,-1068,-1046]} 1. d4 Nf6 2. c4 e6 3. Nf3 d5 4. g3 Be7 5. Bg2 O-O 6. O-O dxc4 7. Qc2 b5 8. a4 {E05: Open Catalan: 5 Nf3 Be7.} b4 9. Nfd2 Nd5 $1 {[%mdl 4] is more profitable than 9...c6 at the moment.} 10. Nxc4 {White is slightly better.} c5 11. dxc5 Ba6 12. Nbd2 Bxc5 13. Nb3 Nd7 {[#] next ...Rc8 is good for Black.} 14. e4 $146 ({Predecessor:} 14. Nxc5 Nxc5 15. Ne3 Rc8 16. Nxd5 exd5 17. Bh3 Rc6 18. Be3 d4 19. Rfd1 Qe8 20. Rxd4 {½-½ (35) Sargissian,G (2682)-Dubov,D (2699) chess.com INT 2020}) 14... N5b6 15. Nxb6 Bxb6 16. Rd1 {aiming for a5.} Rc8 17. Qd2 {[#]} Bc4 $1 $36 {[%mdl 2048] Black is pushing.} 18. Qxb4 {[#] a5 is the strong threat.} Qf6 $1 19. Bf4 {Threatens to win with a5.} (19. Be3 Bxe3) 19... Ne5 {And now ...Ng4 would win.} 20. a5 $2 {[%mdl 8192] [#] Now White is beyond hope.} (20. Na5 $15 Bxf2+ 21. Kxf2) 20... Bxf2+ $1 $19 {[%mdl 512]} 21. Kxf2 {Black must now prevent Kg1.} (21. Kh1 Nd3) 21... g5 {[%mdl 64] Pin} 22. Nc1 $2 (22. Kg1 gxf4 23. gxf4) 22... gxf4 23. Kg1 f3 {Weighted Error Value: White=0.76/Black=0.02} 0-1

[Event "Blechzin Memorial 2021"]
[Site "St. Petersburg"]
[Date "2021.04.14"]
[Round "2.5"]
[White "Romanov, Evgeny"]
[Black "Shimanov, Aleksandr"]
[Result "1-0"]
[WhiteElo "2599"]
[BlackElo "2597"]
[Annotator "TA"]
[PlyCount "59"]
[EventDate "2021.04.14"]
[EventType "tourn"]
[EventCountry "RUS"]
[SourceTitle "playchess.com"]
[Source "ChessBase"]
[SourceQuality "1"]

{[%evp 11,59,25,10,10,16,7,12,5,5,8,22,39,28,23,20,-3,0,0,0,-8,7,-20,0,-18,-28,-70,-61,-85,-4,-10,-22,-9,0,-17,-21,-54,-35,-65,-52,-43,-29,-105,-97,-117,645,648,611,610,570,556]} 1. e4 c6 2. d4 d5 3. exd5 cxd5 4. Bd3 Nf6 5. c3 Bg4 6. Qb3 Qc7 7. Ne2 {B13: Caro-Kann: Exchange Variation and Panov-Botvinnik Attack.} Bxe2 8. Bxe2 e6 9. O-O $5 {[%mdl 4] The position is equal. A promising side line.} Bd6 10. g3 {[#]} h5 $146 ({Predecessor:} 10... Nc6 11. Nd2 O-O 12. Nf3 Ne4 13. Bd3 f5 14. Qc2 Rac8 15. Qe2 a6 16. c4 Qf7 {1-0 (29) Jumabayev,R (2654)-Adhiban,B (2659) Chess.com INT 2020}) 11. Na3 $1 {[%cal Ra3b5]} a6 12. c4 Nc6 13. Be3 h4 {[%cal Rh4g3]} 14. c5 Be7 15. Nc2 Qd7 16. Bf3 hxg3 17. hxg3 Ne4 18. Qd3 f5 19. b4 Kf7 (19... e5 $17 {And now ...f4! would win.} 20. Bg2 g5 21. dxe5 Nxe5) 20. Kg2 $11 Bf6 21. Rh1 Ne7 22. Be2 {Threatening f3.} g5 23. Bh5+ Kg7 $1 24. f3 {[#]} Nxg3 {[%mdl 64] Remove Defender, Decoy} 25. Kxg3 {Strongly threatening Kf2.} f4+ {[%mdl 64] Double Attack} 26. Kg2 (26. Bxf4 $1 $11 gxf4+ 27. Kf2) 26... fxe3 $17 27. Nxe3 Rh7 $2 {[%mdl 8192] [#]} (27... Qc7 $17 28. Rae1 Qf4) 28. Qxh7+ $3 $18 {[%mdl 512] White is clearly winning.} Kxh7 29. Be8+ $1 {[%mdl 64] Discovered Attack} Kg7 30. Bxd7 {Weighted Error Value: White=0.10/Black=0.28} 1-0